| Tag |
First Indicator |
Second Indicator |
Subfields |
| LEADER |
00000pam a2200000 a 4500 |
| 001 |
in00000096521 |
| 005 |
20150923174135.0 |
| 008 |
810401r1982 nju b 00110 eng |
| 010 |
|
|
|a 81003433
|
| 020 |
|
|
|a 0878554343 :
|c $39.95
|
| 020 |
|
|
|a 0878558799 (pbk.) :
|c $14.95
|
| 035 |
|
|
|a (OCoLC)07460410
|
| 035 |
|
|
|9 AAK8649AM
|
| 039 |
0 |
|
|a 2
|b 3
|c 3
|d 3
|e 3
|
| 040 |
|
|
|a DLC
|c DLC
|d TXA
|d UtOrBLW
|
| 043 |
|
|
|a n-us---
|
| 049 |
|
|
|a TXAM
|c [1443385]
|
| 050 |
0 |
0 |
|a E169.1
|b C87 1982
|
| 082 |
0 |
|
|a 973
|2 19
|
| 100 |
1 |
|
|a Curti, Merle
|q (Merle Eugene),
|d 1897-1996.
|
| 245 |
1 |
4 |
|a The growth of American thought /
|c Merle Curti ; with a new preface by the author.
|
| 264 |
|
1 |
|a New Brunswick, [N.J.] :
|b Transaction Books,
|c [1982]
|
| 264 |
|
4 |
|c ©1982
|
| 300 |
|
|
|a xx, 939 pages ;
|c 23 cm.
|
| 336 |
|
|
|a text
|b txt
|2 rdacontent
|
| 337 |
|
|
|a unmediated
|b n
|2 rdamedia
|
| 338 |
|
|
|a volume
|b nc
|2 rdacarrier
|
| 490 |
1 |
|
|a Social & moral thought series
|
| 500 |
|
|
|a Reprint. Originally published: 3rd edition New York : Harper & Row, 1964.
|
| 504 |
|
|
|a Includes bibliographical references and index.
|
| 651 |
|
0 |
|a United States
|x Intellectual life.
|
| 651 |
|
0 |
|a United States
|x Civilization.
|
| 830 |
|
0 |
|a Social & moral thought series.
|
| 999 |
|
|
|a MARS
|
| 999 |
f |
f |
|s 1bebd632-37a8-3164-9101-effdbeb6804f
|i 9c0e4e8d-000e-3ab1-91b0-3efe5b6a2168
|t 0
|
| 952 |
f |
f |
|p ric
|a Texas A&M University
|b Rellis Campus
|c Joint Library Facility
|d Remote Storage
|t 0
|e E169.1 .C87 1982
|h Library of Congress classification
|i unmediated -- volume
|m A14806036064
|
| 998 |
f |
f |
|a E169.1 .C87 1982
|t 0
|l Remote Storage
|